000
00284nam a2200121 a 4500
008
100917s1967|||| d
245
1
0
_a
Na bezhviezdnom nebi pštros
100
1
_a
Duba, Gyula
260
_b
Pravda
_a
Bratislava
_c
1967
020
_c
11
044
_a
xo
_c
SK
041
_a
slo
999
_c
10437
_d
10437